| 000 | 01968nam0a2200337 4500 | ||
|---|---|---|---|
| 001 | RU\NLR\BIBL_A\022104584 | ||
| 005 | 20240125144914.0 | ||
| 010 |
_a978-5-907600-40-9 _9218 |
||
| 021 |
_aRU _bКН-П-23-076035 _9КН-П-23-7678 |
||
| 035 | _a(NLR Aleph) 022104584 | ||
| 035 | _a(RuMoRGB)012391631 | ||
| 090 |
_a12757526 _c12757526 |
||
| 100 | _a20240109d2022 u y0rusy50 ca | ||
| 101 | 0 | _arus | |
| 102 | _aRU | ||
| 105 | _aа j 000yy | ||
| 181 | 0 |
_ai _baxxe |
|
| 182 | 0 | _an | |
| 200 | 1 |
_aКраниология _eучебное пособие для обучающихся по основным профессиональным образовательным программам высшего образования - программам специалитета области образования "Здравоохранение и медицинские науки" _fО. В. Калмин _gМинистерство науки и высшего образования Российской Федерации, Федеральное государственное бюджетное образовательное учреждение высшего образования "Пензенский государственный университет" (ПГУ) |
|
| 203 |
_aТекст _bвизуальный _cнепосредственный |
||
| 210 |
_aПенза _cИзд-во ПГУ _d2022 |
||
| 215 |
_a130, [1] с. _cил., табл., цв. ил. _d21 |
||
| 320 | _aБиблиогр. в конце кн. | ||
| 606 | 1 |
_aКраниология _jУчебные издания для высших учебных заведений _9938978 _3RU\NLR\AUTH\6628399 |
|
| 675 |
_a611.714(075.8) _v4 |
||
| 686 | 1 | _aЕ763.41я731 | |
| 700 | 1 |
_7ca _8rus _aКалмин _bО. В. _f1965- _gОлег Витальевич _9229454 _3RU\NLR\AUTH\770229510 |
|
| 942 | _cBOOK | ||
| 980 | _aNB | ||